One Tree Hill Tirva Quiz Stats

 Plays Quiz not verified by Sporcle

Challenge
Share
Tweet
Embed
Score 0/20 Timer 10:00
0 Plays Today
% Correct
Peyton
98.1%
Nathan
98.1%
Jamie
97.8%
2
97.8%
yes
97.6%
Peyton
97.6%
Lindsay
97%
Haley
97%
Julian
97%
Victoria
96.3%
% Correct
Jimmy Edwards
96%
Brooke
95.8%
Brooke
95.5%
Clay
95.2%
Skills
95%
Lydia
94.7%
Sarah
94.7%
Quinn
94.4%
Dan Scott
93%
Deb
92.6%

You're not logged in!

Compare scores with friends on all Sporcle quizzes.
Join for Free
OR
Log In

You Might Also Like...

Show Comments

Extras

Top Quizzes Today


Score Distribution

Your Account Isn't Verified!

In order to create a playlist on Sporcle, you need to verify the email address you used during registration. Go to your Sporcle Settings to finish the process.

Report this User

Report this user for behavior that violates our Community Guidelines.

Details: